000 00302 a2200157 4500
001 179810
020 _a
040 _cMagnum
100 _aSetubal, Paulo
240 1 0 _aConfiteor
_lpor
245 1 0 _aConfiteor
362 0 _a1899
440 1 _aSaraiva
697 _aMAGNITO: A/GERAL
942 _cBK
999 _c179810
_d179810